| 000 | 00791cam a22002174a 4500 | ||
|---|---|---|---|
| 005 | 20250605164214.0 | ||
| 008 | 250528s ||||||||||||||||||||||||d | ||
| 035 | _a20415 | ||
| 020 | _a6862071 | ||
| 040 |
_aGR-AtMCL _bgre _dGR-AtMCL _eAACR2 |
||
| 245 | 1 | _aBarthes / Fontana Modern Masters | |
| 260 |
_bFontana Press, _c1990 |
||
| 300 | _a128 | ||
| 505 | 0 | _aMan of Parts, Literary Historian, Mythologist, Critic, Polemicist, Semiologist, Structuralist, Hedonist, Writer, Man of Letters, Bibliography. | |
| 520 | _aMan of Parts, Literary Historian, Mythologist, Critic, Polemicist, Semiologist, Structuralist, Hedonist, Writer, Man of Letters, Bibliography. | ||
| 700 | 1 |
_aCuller Jonathan _96392 |
|
| 700 | 1 |
_aKermode Frank _96397 |
|
| 942 | _cBK | ||
| 999 |
_c5524 _d5524 |
||